00757nam a22002297a 4500003000900000005001700009008003700026020001500063040002200078082001600100100007000116245011100186250001100297260003000308300002500338490001300363500004700376521002700423586003700450700002700487830001300514DO-SdBNP20171205125351.0151029b 1997 a sp 00| 0 spa d a8421622765 aBPMSUbspacBPMSU axxxxbL864t aLópez Narváez, Conchacnominada pra el premio Andersen, 1992.10aLa tejedora de la muerte /cConcha López Narváez ; ilustraciones Rafa Salmerón Ana López Escrivá a5a ed. aMadrid :bBruño,c1997. a121 p. :bil.g20 cm aAlta mar aIncluye datos biográficos de la autora.  aA partir de 12 años. aLista de honor de la CCEI, 1995.12aSalmerón, Rafaeeil. 0aAlta mar